000 00784cam a22002652 4500
999 _c5335
_d5335
003 UkOxU
005 20220407125122.0
008 760408s1975 enka b 001 0 eng d
020 _a0723401829
040 _cVVJ
050 _aRB33
_b.G73 1971
090 _aRA1058
_b.G73 1975b
100 1 0 _aGresham, G. A.
245 1 2 _aA colour atlas of forensic pathology /
_cG. Austin Gresham.
260 _aLondon :
_bWolfe Medical Books,
_c1975.
300 _a304 p. :
_bcol. ill. ;
_c20 cm.
500 _aSpine title: Forensic pathology.
500 _aIncludes index.
504 _aBibliography: p. 300-302.
650 0 _aForensic pathology
_xAtlases.
650 0 _aAutopsy
_xAtlases.
830 0 _v12
942 _2lcc
_cBK
_nMM